Catalog

Record Details

Catalog Search



Christianity  Cover Image Book Book

Christianity / written by Philip Wilkinson ; photographed by Steve Teague.

Record details

  • ISBN: 0789492393
  • Physical Description: 64 pages : illustrations (some color) ; 29 cm.
  • Edition: 1st American edition
  • Publisher: New York : DK Pub., 2003.

Content descriptions

General Note:
"Explore the faith of Christianity--from its origins to its role in the 21st century"--Cover.
Includes index.
Subject: Church history > Juvenile literature.

LDR 01068cam a2200289 a 4500
001126945
003SBPL
00520140703073303.0
008030313s2003 nyua j 001 0 eng
010 . ‡a 2003268826
020 . ‡a0789492393
035 . ‡a(CONS)126945
035 . ‡a(CPomAG)LMN494851
042 . ‡alccopycat
05000. ‡aBR151 ‡b.W55 2003
08200. ‡a230 ‡221
1001 . ‡aWilkinson, Philip, ‡d1955-
24510. ‡aChristianity / ‡cwritten by Philip Wilkinson ; photographed by Steve Teague.
250 . ‡a1st American edition
260 . ‡aNew York : ‡bDK Pub., ‡c2003.
300 . ‡a64 pages : ‡billustrations (some color) ; ‡c29 cm.
440 0. ‡aDK eyewitness books
500 . ‡a"Explore the faith of Christianity--from its origins to its role in the 21st century"--Cover.
500 . ‡aIncludes index.
650 0. ‡aChurch history ‡vJuvenile literature.
7102 . ‡aDorling Kindersley Publishing, Inc.
901 . ‡a126945 ‡bUnknown ‡c126945 ‡tbiblio

Additional Resources